000 00598nam a2200229Ia 4500
003 OSt
005 20221005121831.0
006 a|||||r|||| 00| 0
007 ta
008 221004b |||||||| |||| 00| 0 eng d
024 _a58466
037 _cTextual
040 _aCRL
_cCRL
_beng
041 _2eng
_aeng
082 _aV2:25xM69wz7, H9
100 _aShukla Chandrashanker Ed.
_9629964
245 0 _aIncidents of Gandhiji's life
260 _c1949
650 _aHISTORY
942 _hV2:25xM69wz7, H9
_cTEXL
_2cc
999 _c1042414
_d1042414